[Event "11th 4NCL Congress"]
[Site "Milton Keynes"]
[Date "2016.11.05"]
[Round "3.2"]
[White "Ai, Farshad"]
[Black "Pink, Joshua"]
[Result "1/2-1/2"]
[WhiteElo "1950"]
[BlackElo "1935"]
[PlyCount "170"]
[EventDate "2016.11.04"]

1. c4 Nf6 2. g3 e6 3. Bg2 d5 4. Nf3 c5 5. O-O Nc6 6. b3 d4 7. d3 Bd6 8. e4 e5
9. Na3 O-O 10. Nc2 h6 11. h3 Qe7 12. Qe2 Bd7 13. Nh2 Nh7 14. f4 f5 15. Bd2 Kh8
16. Rf2 Rae8 17. Nf3 fxe4 18. Nh4 Qf6 19. Bxe4 Rf7 20. f5 Ng5 21. Ng6+ Kh7 22.
Qh5 Nxe4 23. dxe4 Ne7 24. Nh4 Bc6 25. Re1 Kg8 26. g4 g5 27. Nf3 Rg7 28. h4 gxh4
29. Nxh4 Kh7 30. g5 Rh8 31. Ng6 Rxg6 32. fxg6+ Qxg6 33. Qxg6+ Nxg6 34. Rf7+ Kg8
35. Rf6 Nh4 36. Rxd6 Nf3+ 37. Kf2 Nxd2 38. Rd8+ Kh7 39. Rxh8+ Kxh8 40. gxh6 Kh7
41. Ra1 Kxh6 42. Ne1 Nxe4+ 43. Ke2 Nc3+ 44. Kd2 e4 45. Nc2 Kg5 46. a3 Kf4 47.
Rf1+ Ke5 48. Ne3 Bd7 49. Nd1 e3+ 50. Nxe3 Ne4+ 51. Kd3 dxe3 52. Kxe3 Nd6 53.
Kd3 Bf5+ 54. Kc3 Ne4+ 55. Kb2 a5 56. Rd1 Nf6 57. b4 axb4 58. axb4 cxb4 59. Kb3
Be6 60. Kxb4 Nd7 61. Kb5 Bg4 62. Rg1 Bf3 63. Kb4 Kd6 64. Rg6+ Kc7 65. Rg7 Bc6
66. Rg5 Kb6 67. Rh5 Nb8 68. Rg5 Na6+ 69. Kc3 Nc5 70. Kb4 Nd7 71. Rh5 Kc7 72.
Rh7 b6 73. Rg7 Kb7 74. Rh7 Ka6 75. Rh6 Bf3 76. Rd6 Nc5 77. Rh6 Be2 78. Rh2 Bd3
79. Ra2+ Kb7 80. Rh2 Ne4 81. Rh7+ Kc6 82. Rh6+ Nd6 83. Rh4 Be2 84. Rf4 Kb7 85.
c5 bxc5+ 1/2-1/2

[Event "11th 4NCL Congress"]
[Site "Milton Keynes"]
[Date "2016.11.05"]
[Round "3.3"]
[White "Ansari, Athar"]
[Black "Bennett, Dominic L"]
[Result "1-0"]
[WhiteElo "1795"]
[BlackElo "1967"]
[PlyCount "87"]
[EventDate "2016.11.04"]

1. e4 c5 2. c3 g6 3. Nf3 Bg7 4. Bc4 Qc7 5. O-O a6 6. a4 d6 7. h3 Nf6 8. d3 O-O
9. Ng5 e6 10. f4 d5 11. Bb3 c4 12. dxc4 h6 13. e5 Nfd7 14. cxd5 hxg5 15. dxe6
Qb6+ 16. Kh1 fxe6 17. a5 Qc6 18. Qg4 Nxe5 19. Qxg5 Qb5 20. Nd2 Rf5 21. Qg3 Qd3
22. Qe1 Nf7 23. Rf3 Qd8 24. Bxe6 Bxe6 25. Qxe6 Rf6 26. Qb3 Qe7 27. Nc4 Nc6 28.
Re3 Qc7 29. Nb6 Nxa5 30. Rxa5 Rxb6 31. Qc2 Rd6 32. Ra4 Rad8 33. Rae4 Rd1+ 34.
Kh2 g5 35. Re8+ Bf8 36. Qg6+ Kh8 37. Rxd8 Qxf4+ 38. Rg3 Rh1+ 39. Kxh1 Qxc1+ 40.
Kh2 Nxd8 41. Qh5+ Kg8 42. Rxg5+ Bg7 43. Qg4 Qh1+ 44. Kxh1 1-0

[Event "11th 4NCL Congress"]
[Site "Milton Keynes"]
[Date "2016.11.05"]
[Round "3.4"]
[White "Whitehead, Mark A"]
[Black "Livesey, R  Nigel"]
[Result "1/2-1/2"]
[WhiteElo "1930"]
[BlackElo "1777"]
[PlyCount "37"]
[EventDate "2016.11.04"]

1. e4 c6 2. d4 d5 3. Nd2 g6 4. c3 dxe4 5. Nxe4 Bg7 6. Nf3 Nf6 7. Nxf6+ Bxf6 8.
Bf4 Qd5 9. Be2 O-O 10. O-O Bf5 11. Ne5 Nd7 12. Bf3 Qa5 13. b4 Qa3 14. Nxd7 Bxd7
15. Qc1 Qxc1 16. Raxc1 Be6 17. a3 Bc4 18. Rfe1 e6 19. Be2 1/2-1/2

[Event "11th 4NCL Congress"]
[Site "Milton Keynes"]
[Date "2016.11.05"]
[Round "3.5"]
[White "Burrows, Nick"]
[Black "Clegg, Robert"]
[Result "0-1"]
[WhiteElo "1894"]
[BlackElo "1791"]
[PlyCount "132"]
[EventDate "2016.11.04"]

1. f4 Nf6 2. Nf3 d6 3. g3 Nc6 4. Bg2 e5 5. d3 exf4 6. Bxf4 Nd5 7. Bd2 Qe7 8. e4
Bd7 9. O-O Nb6 10. a4 f6 11. a5 Nc8 12. d4 Bg4 13. Bc3 Qd7 14. Qe1 Be7 15. Nbd2
O-O 16. a6 b5 17. b3 Rb8 18. Nh4 Rb6 19. Nf5 Nb8 20. Nxe7+ Qxe7 21. e5 dxe5 22.
dxe5 Qc5+ 23. Kh1 Qxc3 24. Qe4 Be6 25. Nf3 Nxa6 26. Nd4 Nc5 27. Qh4 Qb4 28.
exf6 Nd7 29. Be4 g6 30. Nxe6 Rxe6 31. Bd5 Qd6 32. Rad1 Ncb6 33. f7+ Kg7 34.
Bxe6 Qxe6 35. Qd4+ Qe5 36. Qf2 Qe6 37. Qd4+ Qe5 38. Qf2 h6 39. Rde1 Qd5+ 40.
Kg1 a5 41. Rd1 Qe5 42. Rd3 a4 43. bxa4 bxa4 44. Re3 Qb2 45. Qf4 a3 46. Rb3 Qxc2
47. Rxa3 Qc5+ 48. Qe3 Qxe3+ 49. Rxe3 Nd5 50. Rd3 N7f6 51. Rc1 Rxf7 52. Rc5 Rd7
53. h3 Kf7 54. Ra3 Ke6 55. Kg2 Ne4 56. Rc4 Ke5 57. Kh2 c5 58. Raa4 Ndc3 59. Ra5
Rd2+ 60. Kh1 Kd5 61. Rxc3 Nxc3 62. Ra6 Ne4 63. Rxg6 c4 64. Rxh6 Nxg3+ 65. Kg1
c3 66. Rh8 Ne4 0-1

[Event "11th 4NCL Congress"]
[Site "Milton Keynes"]
[Date "2016.11.05"]
[Round "3.6"]
[White "David, Ivan"]
[Black "Brocklehurst, Andrew"]
[Result "1-0"]
[WhiteElo "1853"]
[BlackElo "1877"]
[PlyCount "45"]
[EventDate "2016.11.04"]

1. d4 Nf6 2. Bf4 g6 3. e3 Bg7 4. Be2 d6 5. h3 c6 6. c3 Qb6 7. Qb3 Qxb3 8. axb3
Nd5 9. Bh2 O-O 10. Nf3 Nd7 11. Nbd2 e5 12. Nc4 exd4 13. Nxd4 c5 14. Nb5 Ne5 15.
Rd1 Be6 16. Nbxd6 f6 17. Nxb7 Nb6 18. Nxe5 Bxb3 19. Nxg6 hxg6 20. Nxc5 Bxd1 21.
Bxd1 Rac8 22. Bb3+ Kh7 23. Ne6 {Scoresheets illegible, unable to continue} 1-0

[Event "11th 4NCL Congress"]
[Site "Milton Keynes"]
[Date "2016.11.05"]
[Round "3.7"]
[White "Abbott, Mark V"]
[Black "Sheremetyeva, Elizaveta"]
[Result "1-0"]
[WhiteElo "1856"]
[BlackElo "1707"]
[PlyCount "43"]
[EventDate "2016.11.04"]

1. d4 Nf6 2. c4 g6 3. Nc3 d5 4. cxd5 Nxd5 5. e4 Nxc3 6. bxc3 Bg7 7. Be3 O-O 8.
Qd2 b6 9. Nf3 Bb7 10. Bd3 Nd7 11. Rb1 c6 12. h4 e5 13. h5 exd4 14. cxd4 Nf6 15.
hxg6 fxg6 16. Ng5 Qe7 17. Bc4+ Kh8 18. e5 h5 19. exf6 Rxf6 20. Qd3 Bc8 21.
Rxh5+ gxh5 22. Qh7# 1-0

[Event "11th 4NCL Congress"]
[Site "Milton Keynes"]
[Date "2016.11.05"]
[Round "3.8"]
[White "Lawson, Maurice E"]
[Black "Modi, Kishan J"]
[Result "1/2-1/2"]
[WhiteElo "1963"]
[BlackElo "1595"]
[PlyCount "130"]
[EventDate "2016.11.04"]

1. e4 c5 2. Nc3 Nc6 3. f4 g6 4. Nf3 Bg7 5. Bb5 Nd4 6. O-O Nxb5 7. Nxb5 a6 8.
Nc3 e6 9. d3 Ne7 10. Be3 b6 11. Qe2 d5 12. Bf2 O-O 13. e5 Bb7 14. d4 cxd4 15.
Nxd4 Rc8 16. Rad1 Qc7 17. g4 Qc4 18. Qf3 Kh8 19. Rd3 Rg8 20. Re1 Qc7 21. Qe2 b5
22. a3 Nc6 23. Rh3 Nxd4 24. Bxd4 Bf8 25. Qf2 Bc5 26. Ne2 Rg7 27. Rc3 Bxd4 28.
Qxd4 Qd7 29. Rd1 Rxc3 30. Nxc3 Qc6 31. g5 h6 32. Rd3 hxg5 33. Rh3+ Rh7 34.
Rxh7+ Kxh7 35. fxg5 Kg7 36. Kf2 a5 37. b4 axb4 38. axb4 Qa6 39. Ke2 Qa1 40. Kd2
Qf1 41. h4 Qg2+ 42. Kc1 Qf3 43. Kb2 Qg3 44. Na2 Bc6 45. Nc1 Be8 46. Nb3 Kf8 47.
Nc5 Kg7 48. Nd3 Kg8 49. Qf4 Qg1 50. Qf2 Qg4 51. Qf4 Qg1 52. Nf2 Qf1 53. Qd4 Qg1
54. Qe3 Kg7 55. Qf4 Qe1 56. Nd3 Qg1 57. Nc5 Qe1 58. Nb7 Kf8 59. Qd4 Bc6 60.
Qc5+ Kg7 61. Nd6 Qxe5+ 62. c3 Qe2+ 63. Kb3 Qd1+ 64. Kb2 Qd2+ 65. Kb3 Qd1+
1/2-1/2

[Event "11th 4NCL Congress"]
[Site "Milton Keynes"]
[Date "2016.11.05"]
[Round "3.9"]
[White "Obi, Marc On"]
[Black "Nwachukwu, Chino"]
[Result "0-1"]
[WhiteElo "1851"]
[BlackElo "1936"]
[PlyCount "72"]
[EventDate "2016.11.04"]

1. e4 c5 2. Nf3 d6 3. Bd3 e6 4. c3 Nf6 5. Bc2 c4 6. d3 cxd3 7. Qxd3 Nc6 8. O-O
Be7 9. Rd1 h6 10. Na3 O-O 11. Be3 Qa5 12. Nc4 Qh5 13. Rd2 b5 14. Nxd6 Rd8 15.
Qxb5 Rxd6 16. e5 Bd7 17. Qb7 Rb8 18. Qxb8+ Nxb8 19. exd6 Bd8 20. Bxa7 Nc6 21.
Be3 Nd5 22. Re1 Ne5 23. Nxe5 Qxe5 24. c4 Nxe3 25. Rxe3 Qf4 26. c5 Qg5 27. b4
Bc6 28. g3 Qg4 29. f4 g5 30. Rf2 gxf4 31. Rxf4 Qh3 32. Be4 Bb5 33. c6 Bg5 34.
d7 Bxf4 35. d8=Q+ Kg7 36. Kf2 Qxh2+ 0-1

[Event "11th 4NCL Congress"]
[Site "Milton Keynes"]
[Date "2016.11.05"]
[Round "3.11"]
[White "Fryer, David W"]
[Black "Nandi, Robin J"]
[Result "1-0"]
[WhiteElo "1918"]
[BlackElo "1848"]
[PlyCount "89"]
[EventDate "2016.11.04"]

1. e4 e6 2. d3 d5 3. Nd2 Nf6 4. Ngf3 Be7 5. g3 O-O 6. Bg2 c5 7. O-O Nc6 8. Re1
a6 9. Qe2 b5 10. e5 Nd7 11. h4 Qc7 12. Nf1 Bb7 13. Bf4 Rac8 14. c3 d4 15. N1h2
Nb6 16. Bg5 Nd5 17. Rac1 Qa5 18. Bxe7 Ndxe7 19. Ng5 Qc7 20. Ng4 h6 21. Ne4 Nxe5
22. Nef6+ gxf6 23. Nxf6+ Kg7 24. Bxb7 Kxf6 25. Bxc8 Rxc8 26. cxd4 N5c6 27. Qh5
Nxd4 28. Re4 Nef5 29. Rf4 Rg8 30. Kh2 Ke7 31. Re1 Kd8 32. Ree4 Nd6 33. Re5 N6f5
34. Ree4 Nd6 35. Rg4 Rg6 36. Ref4 Ne2 37. Rxg6 Nxf4 38. Rg8+ Ne8 39. gxf4 Qxf4+
40. Kg2 Qc7 41. Qxh6 Qe7 42. Qf4 Kc8 43. Qg5 f6 44. Qg6 Kd7 45. h5 1-0

[Event "11th 4NCL Congress"]
[Site "Milton Keynes"]
[Date "2016.11.05"]
[Round "3.12"]
[White "Sahinoz, Giulio O"]
[Black "Goodfellow, Russell R"]
[Result "0-1"]
[WhiteElo "1374"]
[BlackElo "1925"]
[PlyCount "54"]
[EventDate "2016.11.04"]

1. d4 f5 2. c4 e6 3. Nc3 Nf6 4. g3 Be7 5. Bg2 O-O 6. Nf3 d6 7. O-O Qe8 8. e3 a5
9. Bd2 Bd8 10. Qc2 e5 11. dxe5 dxe5 12. Rfd1 c6 13. a3 Na6 14. Be1 Bc7 15. Rac1
Nc5 16. b4 Nce4 17. Nxe4 Nxe4 18. Nd2 Nf6 19. Nb3 Qh5 20. Nd2 f4 21. exf4 exf4
22. Nf3 Bg4 23. Qb3 fxg3 24. hxg3 Ne4 25. Qb2 Rxf3 26. Rd7 Bxd7 27. Qd4 Bf5 0-1

[Event "11th 4NCL Congress"]
[Site "Milton Keynes"]
[Date "2016.11.05"]
[Round "3.13"]
[White "Mccarthy, Damian"]
[Black "Munshi, Aditya"]
[Result "1-0"]
[WhiteElo "1878"]
[BlackElo "1710"]
[PlyCount "198"]
[EventDate "2016.11.04"]

1. e4 c5 2. Nf3 d6 3. d4 cxd4 4. Nxd4 Nf6 5. Nc3 a6 6. Be2 e5 7. Nb3 Be7 8. Be3
Be6 9. O-O O-O 10. f4 exf4 11. Bxf4 Nc6 12. Kh1 d5 13. exd5 Nxd5 14. Nxd5 Bxd5
15. Bf3 Nb4 16. c3 Bxf3 17. Qxf3 Nc6 18. Rad1 Qb6 19. Rd7 Bf6 20. Qg3 Qb5 21.
Rfd1 Rad8 22. Rxd8 Rxd8 23. Qe1 Rxd1 24. Qxd1 Qf5 25. Bg3 h5 26. h3 g6 27. a3
Kh7 28. Bh2 Kg7 29. Bg1 Ne5 30. Nc5 b6 31. Nxa6 Nd3 32. Qe2 Nf4 33. Qf2 h4 34.
Nb4 Qe5 35. Bh2 Bg5 36. Bxf4 Qxf4 37. Qxf4 Bxf4 38. Kg1 Bc1 39. Nd3 Be3+ 40.
Kf1 Kf6 41. Ke2 Bg5 42. b3 Ke6 43. c4 Kd6 44. Nb4 Kc5 45. Nc2 f5 46. Kd3 Bf6
47. b4+ Kc6 48. Ne3 Bb2 49. a4 Be5 50. Nd5 Bd6 51. Kd4 g5 52. b5+ Kb7 53. Nf6
Kc8 54. Kd5 Be7 55. Ng8 Bd8 56. Nh6 f4 57. c5 bxc5 58. Kxc5 Kb7 59. Kd5 Kb6 60.
Ke4 Ka5 61. Kf5 Kxa4 62. Nf7 Be7 63. b6 Bc5 64. b7 Ba7 65. Nxg5 Kb5 66. Kxf4
Kb6 67. Nf3 Kxb7 68. Nxh4 Kc7 69. Ng6 Kd7 70. h4 Ke6 71. g4 Kf6 72. Nf8 Bb8+
73. Kf3 Bd6 74. Nd7+ Ke6 75. Nb6 Be7 76. h5 Bg5 77. Nc4 Kd5 78. Ne3+ Ke5 79.
Nf5 Kf6 80. Ng3 Bh6 81. Ne4+ Kg7 82. g5 Bxg5 83. Nxg5 Kh6 84. Kg4 Kg7 85. Ne4
Kh6 86. Nd6 Kg7 87. Kg5 Kh7 88. h6 Kh8 89. Kg6 Kg8 90. h7+ Kf8 91. h8=Q+ Ke7
92. Qf6+ Kd7 93. Kf5 Kc6 94. Ke5 Kc5 95. Ne4+ Kc4 96. Qd6 Kb3 97. Qc5 Kb2 98.
Kd4 Ka1 99. Kc3 Ka2 1-0

[Event "11th 4NCL Congress"]
[Site "Milton Keynes"]
[Date "2016.11.05"]
[Round "3.14"]
[White "Modi, Shyam Jagdish"]
[Black "Somton, Anita"]
[Result "1/2-1/2"]
[WhiteElo "1787"]
[BlackElo "1657"]
[PlyCount "126"]
[EventDate "2016.11.04"]

1. d4 d5 2. c4 e6 3. Nf3 Nf6 4. g3 Be7 5. Bg2 O-O 6. O-O Nbd7 7. Qc2 dxc4 8.
Nbd2 c5 9. Nxc4 cxd4 10. Nxd4 Bc5 11. Nb3 Be7 12. Rd1 Qc7 13. Bd2 Nd5 14. Rac1
N7f6 15. e4 Nb4 16. Qb1 e5 17. Be3 Nc6 18. Nca5 Be6 19. Nxc6 bxc6 20. Nc5 Bg4
21. f3 Bc8 22. Qc2 Nd7 23. Bf1 a5 24. b3 h6 25. Qc3 Rd8 26. Rd2 Re8 27. Rdc2
Rd8 28. Nxd7 Bxd7 29. Bb5 Qd6 30. Rd2 Qf6 31. Rxd7 Rxd7 32. Qxc6 Rdd8 33. Bb6
Rac8 34. Qxc8 Rxc8 35. Rxc8+ Kh7 36. Bxa5 Qxf3 37. Rc3 Qd1+ 38. Kf2 Qd2+ 39.
Be2 Qxa2 40. b4 Qa4 41. Rc4 Qd7 42. h4 Qh3 43. b5 g5 44. hxg5 hxg5 45. b6 Qd7
46. Bb4 Bd8 47. Bc5 Kg7 48. Rb4 Qc6 49. Be3 Qb7 50. Bd3 f6 51. Ke2 Kf7 52. Bc4+
Ke7 53. Bd5 Qb8 54. b7 Bc7 55. Bb6 Bd6 56. Ra4 Qh8 57. Ra8 Qh2+ 58. Kf3 g4+ 59.
Kxg4 Qe2+ 60. Kh4 Qh2+ 61. Kg4 Qe2+ 62. Kh4 Qh2+ 63. Kg4 Qe2+ 1/2-1/2

[Event "11th 4NCL Congress"]
[Site "Milton Keynes"]
[Date "2016.11.05"]
[Round "3.16"]
[White "Bishop, Geoffrey L"]
[Black "See, Tristian"]
[Result "0-1"]
[WhiteElo "1729"]
[BlackElo "1514"]
[PlyCount "100"]
[EventDate "2016.11.04"]

1. e4 c5 2. Nf3 d6 3. d4 cxd4 4. Nxd4 Nc6 5. Nc3 Nf6 6. Bg5 g6 7. Bxf6 exf6 8.
Bc4 Bg7 9. O-O O-O 10. Ndb5 Qb6 11. Nd5 Qd8 12. Ne3 Qe7 13. Nc3 Be6 14. Ned5
Bxd5 15. Bxd5 Rab8 16. Nb5 a6 17. Nxd6 Kh8 18. Nc4 Rfd8 19. Ne3 Nb4 20. Re1 Qc7
21. c3 Nc6 22. Qb3 Rf8 23. Rad1 h5 24. Qc2 Bh6 25. Qe2 Kg7 26. Bb3 Bxe3 27.
Qxe3 Ne5 28. h3 g5 29. f4 gxf4 30. Qxf4 Qb6+ 31. Kh1 Rh8 32. Qe3 Qc7 33. Kg1
Rbg8 34. Qd4 Kh7 35. Kf2 Rg6 36. Qd6 Qc8 37. Qe7 Re8 38. Qd6 Reg8 39. Rg1 h4
40. Rd5 Qe8 41. Qc7 b5 42. Rxe5 Qxe5 43. Qxf7+ R8g7 44. Qd5 Qf4+ 45. Ke1 Qe3+
46. Kf1 Rg5 47. Qd1 f5 48. e5 Qf4+ 49. Ke1 Qxe5+ 50. Kd2 Rd7+ 0-1

[Event "11th 4NCL Congress"]
[Site "Milton Keynes"]
[Date "2016.11.05"]
[Round "3.17"]
[White "Homolka, Vincent O"]
[Black "Whiteside, Robert"]
[Result "0-1"]
[WhiteElo "1812"]
[BlackElo "1803"]
[PlyCount "66"]
[EventDate "2016.11.04"]

1. e4 e6 2. d4 d5 3. Bd3 dxe4 4. Bxe4 Nf6 5. Bf3 Bd6 6. Ne2 O-O 7. O-O Nbd7 8.
Nbc3 c6 9. Be3 Qc7 10. h3 Re8 11. Qd2 e5 12. g3 Nf8 13. Bg2 Bf5 14. Rad1 e4 15.
Bf4 Nd5 16. Bxd6 Qxd6 17. Nxd5 cxd5 18. c3 Re7 19. Nf4 Ne6 20. Nxe6 Qxe6 21.
Kh2 Rae8 22. Rde1 Qg6 23. Qf4 h5 24. a3 Bd7 25. Qd2 Qa6 26. Rg1 Re6 27. Re3 Rf6
28. Rge1 h4 29. Bf1 Qd6 30. Bg2 hxg3+ 31. Rxg3 Rg6 32. Ree3 f5 33. Kh1 f4 0-1

[Event "11th 4NCL Congress"]
[Site "Milton Keynes"]
[Date "2016.11.05"]
[Round "3.18"]
[White "Woods, Timothy J"]
[Black "Bovtramovics, Vladimirs"]
[Result "1/2-1/2"]
[WhiteElo "1716"]
[BlackElo "1752"]
[PlyCount "47"]
[EventDate "2016.11.04"]

1. e4 c5 2. Nf3 Nc6 3. d4 cxd4 4. Nxd4 e5 5. Nb5 d6 6. N1c3 a6 7. Na3 b5 8. Nd5
Be7 9. c3 Nf6 10. Nc2 Nxe4 11. Qf3 f5 12. Bd3 O-O 13. Bxe4 fxe4 14. Qxe4 Bf5
15. Qe2 Bh4 16. O-O Ne7 17. Nce3 Be6 18. Nxe7+ Qxe7 19. a4 bxa4 20. Rxa4 a5 21.
c4 Qd7 22. Ra1 a4 23. Nd5 Rab8 24. Be3 1/2-1/2

[Event "11th 4NCL Congress"]
[Site "Milton Keynes"]
[Date "2016.11.06"]
[Round "4.1"]
[White "Pink, Joshua"]
[Black "Taylor, Robert K"]
[Result "0-1"]
[WhiteElo "1935"]
[BlackElo "1946"]
[PlyCount "102"]
[EventDate "2016.11.04"]

1. e4 e6 2. Qe2 c5 3. Nf3 Nc6 4. g3 d6 5. Bg2 g6 6. O-O Bg7 7. c3 Nge7 8. Rd1
e5 9. d3 O-O 10. Nbd2 h6 11. h3 Be6 12. Nf1 Qd7 13. Kh2 f5 14. Ne3 Rf7 15. Nc2
Raf8 16. b4 b6 17. Bd2 g5 18. b5 Nd8 19. a4 fxe4 20. dxe4 g4 21. hxg4 Bxg4 22.
Nce1 Bf6 23. Qd3 Nb7 24. c4 Qe6 25. a5 bxa5 26. Bxa5 Nc8 27. Bd2 Bd8 28. Kg1
Qg6 29. Rdb1 Qh5 30. Ra3 Kh8 31. Qe3 Kh7 32. Rbb3 Be6 33. Qe2 Bg4 34. Qf1 Bb6
35. Re3 Nd8 36. Nh4 Rxf2 37. Qxf2 Rxf2 38. Kxf2 Qf7+ 39. Bf3 Bxf3 40. Rxf3 Qxc4
41. Nf5 Qxe4 42. Bxh6 Ne6 43. Be3 Nd4 44. Bxd4 cxd4 45. Nd3 Qd5 46. g4 Qxb5 47.
Rh3+ Kg6 48. Rh6+ Kg5 49. Nxd6 Nxd6 50. Rxd6 e4 51. Rxb6 axb6 0-1

[Event "11th 4NCL Congress"]
[Site "Milton Keynes"]
[Date "2016.11.06"]
[Round "4.2"]
[White "Ansari, Athar"]
[Black "Abbott, Mark V"]
[Result "1-0"]
[WhiteElo "1795"]
[BlackElo "1856"]
[PlyCount "86"]
[EventDate "2016.11.04"]

1. e4 c5 2. c3 g6 3. Nf3 Bg7 4. Bc4 e6 5. d3 Ne7 6. Bg5 Nbc6 7. O-O O-O 8. h4
d5 9. Bb3 b6 10. Re1 dxe4 11. dxe4 Ba6 12. Nbd2 Qc7 13. Nc4 Rad8 14. Qc1 b5 15.
Ncd2 c4 16. Bc2 Rd7 17. Nf1 Rfd8 18. h5 Ne5 19. Nxe5 Qxe5 20. h6 Bh8 21. Qe3
Qc7 22. Qf3 Qe5 23. Qe3 Qc7 24. Qf3 Qe5 25. Bf4 Qf6 26. e5 Qh4 27. Be4 Nd5 28.
Bxd5 Rxd5 29. Rad1 Bb7 30. Rxd5 Bxd5 31. Qe3 f6 32. Bg3 Qh5 33. Qxa7 Qxh6 34.
Qb6 Qf8 35. exf6 Bxf6 36. Ne3 Be7 37. Ng4 h5 38. Ne3 h4 39. Nxd5 hxg3 40. Qxe6+
Kh8 41. Qe5+ Bf6 42. Nxf6 gxf2+ 43. Kxf2 Rd6 1-0

[Event "11th 4NCL Congress"]
[Site "Milton Keynes"]
[Date "2016.11.06"]
[Round "4.3"]
[White "Clegg, Robert"]
[Black "David, Ivan"]
[Result "0-1"]
[WhiteElo "1791"]
[BlackElo "1853"]
[PlyCount "100"]
[EventDate "2016.11.04"]

1. d4 d6 2. c4 e5 3. Nc3 Nd7 4. e4 Ngf6 5. d5 c5 6. Nf3 Be7 7. h3 Nf8 8. Be3 a6
9. a4 h6 10. Qd2 Ng6 11. Be2 Nh7 12. O-O Ng5 13. Ne1 O-O 14. Nd3 Nh7 15. Bh5
Nh4 16. f4 Nf6 17. Be2 exf4 18. Bxf4 Ng6 19. Be3 Nd7 20. g4 Bg5 21. Bxg5 hxg5
22. Rf5 f6 23. Rf2 Qe7 24. Bf3 Nde5 25. Nxe5 Qxe5 26. Bg2 Bd7 27. Raf1 Nh4 28.
Qd3 Kf7 29. Rb1 a5 30. Bf1 Rh8 31. Ra1 Ng6 32. Ra3 b6 33. Rb3 Rab8 34. Rf3 Bxg4
35. Rg3 Bd7 36. Nb5 Rh4 37. Nc3 Nf4 38. Qf3 Ke7 39. Kf2 Nh5 40. Rg4 Bxg4 41.
hxg4 Nf4 42. Ne2 Nxe2 43. Bxe2 Qf4 44. Qxf4 gxf4 45. Ke1 Rh1+ 46. Kd2 Ra1 47.
Rf3 Rxa4 48. Rxf4 Rh8 49. Rf1 Rh2 50. Kd3 Rb4 0-1

[Event "11th 4NCL Congress"]
[Site "Milton Keynes"]
[Date "2016.11.06"]
[Round "4.4"]
[White "Williamson, Kevin J"]
[Black "Whitehead, Mark A"]
[Result "1/2-1/2"]
[WhiteElo "1959"]
[BlackElo "1930"]
[PlyCount "54"]
[EventDate "2016.11.04"]

1. d4 Nf6 2. Nc3 d5 3. Bg5 Nbd7 4. Nf3 c6 5. e3 g6 6. Bd3 Bg7 7. O-O O-O 8. Ne5
Ne8 9. f4 f5 10. Qf3 Ndf6 11. Qh3 Nd6 12. Qh4 Nf7 13. Be2 Nxg5 14. Qxg5 e6 15.
Qg3 Bd7 16. Bf3 b6 17. Nd1 Rc8 18. Nf2 c5 19. c3 Bb5 20. Rfe1 Nd7 21. Be2 Bxe2
22. Rxe2 Nxe5 23. fxe5 Qe7 24. Nh3 Rc7 25. Rf1 Bh6 26. Ref2 Kh8 27. Nf4 Bxf4
1/2-1/2

[Event "11th 4NCL Congress"]
[Site "Milton Keynes"]
[Date "2016.11.06"]
[Round "4.5"]
[White "Ireland, David J"]
[Black "Ai, Farshad"]
[Result "1/2-1/2"]
[WhiteElo "1924"]
[BlackElo "1950"]
[PlyCount "90"]
[EventDate "2016.11.04"]

1. e4 c6 2. d4 d5 3. e5 Bf5 4. c4 e6 5. a3 a6 6. Nc3 b5 7. c5 Nd7 8. Bd3 Ne7 9.
Bg5 Bxd3 10. Qxd3 f6 11. Nf3 fxe5 12. Nxe5 Nxe5 13. dxe5 Qd7 14. b4 a5 15. O-O
a4 16. f4 g6 17. Rad1 O-O-O 18. Qh3 Re8 19. Ne4 Ng8 20. Bf6 Nxf6 21. Nxf6 Qe7
22. Nxe8 Qxe8 23. Rd3 Bg7 24. Rg3 Qf7 25. Qg4 Rf8 26. h4 Bxe5 27. Re1 Bxf4 28.
Rxe6 Kb7 29. Qe2 Bxg3 30. Re7+ Bc7 31. Rxf7 Rxf7 32. h5 gxh5 33. Qxh5 Rd7 34.
Kf2 Bd8 35. Ke3 d4+ 36. Kd3 Kc7 37. Qe5+ Kb7 38. g4 Kc8 39. Qf5 Kc7 40. Qe6 Rd5
41. Qf7+ Rd7 42. Qf4+ Kb7 43. Qe4 Kc7 44. Qf4+ Kb7 45. Qf5 Kc7 1/2-1/2

[Event "11th 4NCL Congress"]
[Site "Milton Keynes"]
[Date "2016.11.06"]
[Round "4.6"]
[White "Nwachukwu, Chino"]
[Black "Fryer, David W"]
[Result "1-0"]
[WhiteElo "1936"]
[BlackElo "1918"]
[PlyCount "107"]
[EventDate "2016.11.04"]

1. e4 d6 2. d4 Nf6 3. Bd3 e5 4. c3 g6 5. Ne2 Bg7 6. O-O O-O 7. f4 Nc6 8. Nd2
Bg4 9. Nf3 exd4 10. cxd4 Nb4 11. Bb1 c5 12. a3 Na6 13. d5 Re8 14. Nc3 b5 15. h3
Bxf3 16. Qxf3 Qd7 17. Bd3 Nc7 18. e5 dxe5 19. fxe5 Nfxd5 20. Be4 Rad8 21. Rd1
Bxe5 22. Nxd5 Nxd5 23. Rxd5 Bd4+ 24. Kh1 Qe7 25. Rxd8 Rxd8 26. Bh6 Qh4 27. Bf4
Kg7 28. Rf1 f5 29. Bc6 a6 30. Bc7 Rc8 31. Bg3 Qe7 32. Re1 Qf7 33. Bd5 Qf6 34.
Re6 Qg5 35. Kh2 Qc1 36. Re7+ Kh8 37. Re1 Qxb2 38. Bb7 Rf8 39. Bf4 b4 40. axb4
Qxb4 41. Re7 Qb2 42. Bxa6 Qa1 43. Bc4 Qg1+ 44. Kg3 Bf6 45. Re6 g5 46. Bd6 g4
47. hxg4 fxg4 48. Qxg4 Ra8 49. Rxf6 Ra3+ 50. Rf3 Rxf3+ 51. Qxf3 Qe1+ 52. Kh2
Qh4+ 53. Kg1 Qxc4 54. Qf8+ 1-0

[Event "11th 4NCL Congress"]
[Site "Milton Keynes"]
[Date "2016.11.06"]
[Round "4.7"]
[White "Bennett, Dominic L"]
[Black "Livesey, R  Nigel"]
[Result "1-0"]
[WhiteElo "1967"]
[BlackElo "1777"]
[PlyCount "103"]
[EventDate "2016.11.04"]

1. e4 c6 2. Nc3 d5 3. Nf3 Bg4 4. h3 Bxf3 5. Qxf3 d4 6. Ne2 e5 7. g4 g6 8. h4
Bg7 9. h5 Nd7 10. Rh2 Ngf6 11. d3 Qb6 12. Ng3 Qc5 13. Kd1 Qe7 14. a4 O-O-O 15.
Be2 Kb8 16. Qh1 Nc5 17. g5 Nfd7 18. Bg4 Ne6 19. Bxe6 Qxe6 20. Qe1 c5 21. b3 Ka8
22. Bd2 Nb8 23. Kc1 Nc6 24. Kb2 Qe7 25. Qe2 f6 26. Qg4 fxg5 27. Bxg5 Bf6 28.
Bd2 Qf7 29. Rah1 Bg7 30. Ne2 a6 31. Rg1 Ne7 32. f4 Bh6 33. Rgh1 Bxf4 34. Bxf4
exf4 35. Nxf4 gxh5 36. Rxh5 Rhg8 37. Qh4 Ng6 38. Nxg6 hxg6 39. Rh7 Qf8 40. Qg5
Rc8 41. Qd5 Rg7 42. Rxg7 Qxg7 43. Rg1 Qg8 44. Qd6 Rc6 45. Qe7 Kb8 46. Rf1 Qe6
47. Rf8+ Ka7 48. Qd8 Qd6 49. Qe8 Kb6 50. e5 Qe6 51. Qxe6 Rxe6 52. Rf6 1-0

[Event "11th 4NCL Congress"]
[Site "Milton Keynes"]
[Date "2016.11.06"]
[Round "4.8"]
[White "Sheremetyeva, Elizaveta"]
[Black "Lawson, Maurice E"]
[Result "1/2-1/2"]
[WhiteElo "1707"]
[BlackElo "1963"]
[PlyCount "33"]
[EventDate "2016.11.04"]

1. e4 c6 2. d4 d5 3. c4 dxe4 4. Nc3 Nf6 5. f3 Na6 6. Be3 h6 7. Be2 Bf5 8. a3 e6
9. Qd2 Be7 10. O-O-O Nc7 11. g4 exf3 12. gxf5 fxe2 13. Qxe2 Qd6 14. Qf3 O-O-O
15. Nge2 exf5 16. Qxf5+ Qe6 17. Qxe6+ 1/2-1/2

[Event "11th 4NCL Congress"]
[Site "Milton Keynes"]
[Date "2016.11.06"]
[Round "4.9"]
[White "Goodfellow, Russell R"]
[Black "Mccarthy, Damian"]
[Result "0-1"]
[WhiteElo "1925"]
[BlackElo "1878"]
[PlyCount "62"]
[EventDate "2016.11.04"]

1. e4 c5 2. Nf3 Nc6 3. d4 cxd4 4. Nxd4 g6 5. c4 Bg7 6. Nb3 d6 7. Be2 b6 8. O-O
Bb7 9. f3 Qc7 10. Nc3 Bxc3 11. bxc3 Nf6 12. Be3 Nd7 13. Re1 Rc8 14. Nd4 Na5 15.
Nb5 Qb8 16. Qd4 f6 17. Rad1 Ne5 18. f4 Nexc4 19. Bc1 a6 20. Na3 b5 21. Nxc4
Nxc4 22. Bg4 Rd8 23. e5 dxe5 24. Bd7+ Kf7 25. fxe5 Nxe5 26. Bf4 Rxd7 27. Qxd7
Nxd7 28. Rxd7 Qa7+ 29. Be3 Qa8 30. Bc5 Re8 31. Re2 Be4 0-1

[Event "11th 4NCL Congress"]
[Site "Milton Keynes"]
[Date "2016.11.06"]
[Round "4.10"]
[White "See, Tristian"]
[Black "Burrows, Nick"]
[Result "1/2-1/2"]
[WhiteElo "1514"]
[BlackElo "1894"]
[PlyCount "109"]
[EventDate "2016.11.04"]

1. e4 c6 2. d4 d5 3. Nc3 dxe4 4. Nxe4 Bf5 5. Ng3 Bg6 6. Nf3 Nd7 7. Bd3 e6 8.
Be3 Ngf6 9. Bxg6 hxg6 10. h3 Bd6 11. Ne2 Qc7 12. c3 O-O-O 13. Qc2 Kb8 14. O-O-O
Nd5 15. Rhf1 N7f6 16. Kb1 Nh5 17. c4 Ndf4 18. Nxf4 Nxf4 19. c5 Bf8 20. Rg1 Nd5
21. a3 Be7 22. Nd2 Rh5 23. Ne4 f5 24. Nc3 Nxc3+ 25. Qxc3 f4 26. Bd2 Bf6 27. Qc4
Rxd4 28. Qxe6 Rhd5 29. Qe2 Qd7 30. Kc1 a6 31. Bc3 Rxd1+ 32. Rxd1 Bxc3 33. bxc3
Ka7 34. Rd2 Qf5 35. Qg4 Qxg4 36. hxg4 Rxc5 37. Kc2 Ra5 38. Kb3 Rd5 39. Re2 Kb6
40. Re7 Rd2 41. Rxg7 Rxf2 42. Rxg6 Rxg2 43. g5 Kc5 44. Rf6 Rxg5 45. Rxf4 b5 46.
a4 a5 47. Rh4 Kd5 48. axb5 cxb5 49. c4+ bxc4+ 50. Rxc4 Rg3+ 51. Rc3 a4+ 52. Kb4
Rxc3 53. Kxc3 a3 54. Kb3 a2 55. Kxa2 1/2-1/2